Η κοινωνία των αμαρτωλών : η πολιτική ως διαχείριση του φόνου, της ελευθερίας και της δικαιοσύνης : ως τέχνη δημιουργίας του ανθρώπου και των κοινωνιών του
Αποθηκεύτηκε σε:
| Κύριος συγγραφέας: | |
|---|---|
| Μορφή: | Βιβλίο |
| Γλώσσα: | Greek |
| Δημοσίευση: |
Αθήνα :
Παπαζήση,
2014.
|
| Σειρά: | Κοινωνιολογία της θρησκείας ;
3 |
| Θέματα: | |
| Ετικέτες: |
Προσθήκη ετικέτας
Δεν υπάρχουν, Καταχωρήστε ετικέτα πρώτοι!
|
MARC
| LEADER | 00000nam a2200000 i 4500 | ||
|---|---|---|---|
| 001 | 1/65134 | ||
| 008 | 150127s2014 gr ||| | gre|| | ||
| 020 | |a 9789600227581 | ||
| 035 | |l 10120727 | ||
| 040 | |a GR-MY-UA |b gre |e aacr | ||
| 041 | 0 | |a gre | |
| 082 | 7 | |a 306.209495 |2 (23) | |
| 100 | 1 | |a Παπαρίζος, Αντώνης. | |
| 245 | 1 | 2 | |a Η κοινωνία των αμαρτωλών : |b η πολιτική ως διαχείριση του φόνου, της ελευθερίας και της δικαιοσύνης : ως τέχνη δημιουργίας του ανθρώπου και των κοινωνιών του / |c Αντώνης Παπαρίζος. |
| 260 | |a Αθήνα : |b Παπαζήση, |c 2014. | ||
| 300 | |a 916 σ. ; |c 22 εκ. | ||
| 490 | 1 | |a (Κοινωνιολογία της θρησκείας) ; |v 3. | |
| 504 | |a Βιβλιογραφία: σ. [881]-916. | ||
| 650 | 0 | 0 | |a Political culture |z Greece. |
| 650 | 0 | 0 | |a Religion and sociology. |
| 650 | 0 | 0 | |a Sociological jurisprudence. |
| 650 | 0 | 0 | |a Justice, Administration of |z Greece. |
| 830 | 0 | |a Κοινωνιολογία της θρησκείας ; |v 3 | |
| 852 | |a INST |b RHODES |c EUDOXUS |e 20150127 |h 306.209495 ΠΑΠ |p 005400037529 |q 005400037529 |t EDX |y 0 | ||
| 901 | |a BIBL4-2015-1 | ||
| 909 | |a Ρ |b 183846 | ||
| 920 | |a Εύδοξος |b Παραγγελία |y Ρόδος-ΠΤΔΕ |z 2014-12 | ||
| 922 | |a 4ΕΛΗ | ||
| 970 | |z 2015/01/27 | ||